000 01176nam a2200313 a 4500
003 BLK
005 20250801092526.0
008 180408b bul|||||r ||||||| ||bul||
020 _a9789546551597
040 _aBLK
041 _aBUL
_cBUL
080 _aАмериканска литература (на САЩ)
_b821.111(73)
_x-312.4
_z821.111(73)-312.4
100 1 _aКларк, Мери Хигинс
_9371250
240 _aThe Shadow of Your Smile / Mary Higgins Clark
245 1 0 _aСянката на твоята усмивка
_cМери Хигинс Кларк ; прев. от англ. Елена Кодинова.
257 _aUSA
260 _aСофия
_bБард
_c2010
300 _a368 с.
_c20 см
380 _aX
500 _aОриг. загл. The Shadow of Your Smile / Mary Higgins Clark.
700 1 _aКодинова, Елена Любенова
_d1969-
_eпрев. от англ.
_980337
852 _aЦб 250187
_bЦб
856 4 _qpdf
856 4 _qpdf
942 _cKNG
_n0
_022
944 _aCR
_c2023
_k30575
_lМартин Енчев
999 _c93733
_d93733
999 _d93733